Sports Quiz

Random Sports or Hockey Quiz
Score 0/10 Timer 05:00
0 Plays Today
School % Correct
Boston University
93.4%
Boston College
91.2%
University of Maine
79.6%
University of Vermont
78.5%
University of New Hampshire
75.7%
Providence College
68.5%
Northeastern University
65.2%
UMass Lowell
62.4%
UMass Amherst
57.5%
Merrimack
55.8%
Remove Ads.
Support Sporcle.
Get the best of Sporcle when you Go Orange. This ad-free experience offers more features, more stats, and more fun while also helping to support Sporcle. Thank you for becoming a member.

You're not logged in!

Compare scores with friends on all Sporcle quizzes.
OR
Log In

Show Comments

Extras

Created Oct 8, 2009ReportNominate
Tags:Hockey Quiz, east, mascot, school

Top Quizzes Today


Score Distribution

Your Account Isn't Verified!

In order to create a playlist on Sporcle, you need to verify the email address you used during registration. Go to your Sporcle Settings to finish the process.

Report this User

Report this user for behavior that violates our Community Guidelines.

Details: